000 00610nam a22002177a 4500
003 UA-OsUOA
001 47023
007 ta
008 20070710b un ||||| |||| 00| 0 ukr d
090 _a821.161.2
_bД50
942 _cBK
040 _aUA-OsUOA
_bukr
_cUA-OsUOA
_dUA-OsUOA
245 _aДівчина з легенди Маруся Чурай
_cупоряд. Л. С. Кауфман
300 _a135 с.
955 _a2
041 _aukr
080 _a821.161.2
260 _aК.
_bДніпро
_c1967
650 7 _a82 Література. Літературознавство
_2UDC
999 _c333050
_d333050